[Event "47th Sparkassen Open"]
[Site "Dortmund GER"]
[Date "2019.07.20"]
[Round "8.39"]
[White "Ball, Joerg"]
[Black "Groneberg, Joerg"]
[Result "1/2-1/2"]
[WhiteElo "1961"]
[BlackElo "1921"]
[WhiteFideId "4685172"]
[BlackFideId "12941638"]
[EventDate "2019.07.13"]

1. e4 c5 2. Nf3 g6 3. d4 cxd4 4. Nxd4 Nf6 5. Nc3 Nc6 6. Nb3 Bg7 7. Be2 O-O 8.
O-O d6 9. Be3 a6 10. a4 Be6 11. f4 Rb8 12. g4 Bxb3 13. cxb3 Nd7 14. g5 Qa5 15.
Rc1 Nc5 16. Bxc5 dxc5 17. e5 Rfd8 18. Qe1 Nd4 19. Bd1 Qb4 20. Ne4 Qxe1 21. Rxe1
Ne6 22. Rf1 b6 23. Bc2 Rd4 24. Kg2 Rb4 25. Rf3 Nd4 26. Re3 c4 27. Bd1 cxb3 28.
Rcc3 Ne6 29. Kf3 Rxa4 30. Bxb3 Nd4+ 31. Kf2 Nxb3 32. Rxb3 h6 33. h4 Kf8 34. Kf3
Rd4 35. Nc5 b5 36. Nxa6 Rb6 37. Nc5 Ke8 38. Red3 Rxd3+ 39. Rxd3 hxg5 40. hxg5
Rc6 41. Nb7 f6 42. gxf6 1/2-1/2

[Event "47th Sparkassen Open"]
[Site "Dortmund GER"]
[Date "2019.07.20"]
[Round "8.40"]
[White "Delere, Adrian"]
[Black "Spickermann, Sven"]
[Result "0-1"]
[WhiteElo "1858"]
[BlackElo "2008"]
[WhiteFideId "12990400"]
[BlackFideId "16248767"]
[EventDate "2019.07.13"]

1. e4 e5 2. Nf3 Nc6 3. Nc3 Nf6 4. d4 exd4 5. Nxd4 Bc5 6. Be3 Bb6 7. Nxc6 bxc6 8.
Bxb6 axb6 9. Bc4 b5 10. Bd3 O-O 11. O-O b4 12. Ne2 d5 13. Ng3 c5 14. b3 Bg4 15.
Qc1 Be6 16. a4 bxa3 17. Rxa3 Qd6 18. Rd1 Rxa3 19. Qxa3 dxe4 20. Be2 Qc6 21. Qa4
Qxa4 22. bxa4 h6 23. a5 Ra8 24. Ra1 Bd5 25. Kf1 g6 26. Ke1 Bc6 27. Kd2 Nd7 28.
f3 exf3 29. Bxf3 Bxf3 30. gxf3 Ne5 31. Kc3 Nc6 32. Kc4 Nxa5+ 33. Kb5 c6+ 34.
Kxc5 Nb7+ 35. Kxc6 Rxa1 36. Kxb7 Rc1 0-1

[Event "47th Sparkassen Open"]
[Site "Dortmund GER"]
[Date "2019.07.20"]
[Round "8.41"]
[White "Barskij, Aleksandr"]
[Black "Kantor, Nikita"]
[Result "1/2-1/2"]
[WhiteElo "1941"]
[BlackElo "1906"]
[WhiteFideId "4697251"]
[BlackFideId "12990922"]
[EventDate "2019.07.13"]

1. e4 e6 2. d4 d5 3. Nd2 a6 4. Ngf3 Nf6 5. Bd3 c5 6. dxc5 Bxc5 7. O-O Nc6 8.
exd5 Qxd5 9. Nb3 Be7 10. Qe2 Qh5 11. Bf4 h6 12. c3 g5 13. Bg3 Nd5 14. Ne5 Qxe2
15. Bxe2 h5 16. Nxc6 bxc6 17. Be5 Rh7 18. Bd3 f5 19. Na5 Bd7 20. Rfe1 Kf7 21.
Rad1 Be8 22. Bf1 Nf4 23. Nc4 Rh6 24. Nd6+ Bxd6 25. Bxd6 Nd5 26. Re5 a5 27. c4
Nf6 28. Bc7 a4 29. Ra5 Rxa5 30. Bxa5 Nd7 31. Bc7 e5 32. Rd6 Rxd6 33. Bxd6 c5 34.
Be2 Ke6 35. Bc7 Nf8 36. Kf1 Nh7 37. Bb6 Kd6 38. Bd8 Kd7 39. Ba5 Kd6 40. Bd1 Nf8
41. Bc2 Bd7 42. Ke2 Ne6 43. Kd2 1/2-1/2

[Event "47th Sparkassen Open"]
[Site "Dortmund GER"]
[Date "2019.07.20"]
[Round "8.42"]
[White "Dippel, Olaf"]
[Black "De Smedt, Mark"]
[Result "1/2-1/2"]
[WhiteElo "1914"]
[BlackElo "1920"]
[WhiteFideId "4693159"]
[BlackFideId "244899"]
[EventDate "2019.07.13"]

1. d4 d5 2. c4 Nc6 3. Nc3 Nf6 4. cxd5 Nxd5 5. Nf3 e5 6. e4 Nxc3 7. bxc3 exd4 8.
Nxd4 Bc5 9. Bb5 O-O 10. Bxc6 bxc6 11. O-O Re8 12. Re1 Ba6 13. Qa4 Bd3 14. e5
Bxd4 15. cxd4 c5 16. dxc5 Qd5 17. Bb2 Re6 18. Rad1 Qc4 19. Qd7 Qxa2 20. Qxd3
Qxb2 21. Qd8+ Re8 22. Qxc7 a5 23. Qd6 a4 24. c6 a3 25. e6 fxe6 26. Rxe6 a2 27.
Rxe8+ Rxe8 28. Qd7 Rf8 29. Qe6+ Kh8 30. Qe1 Qb6 31. Qd2 Qb1 32. Qd6 Rg8 33. Qd4
Qc2 34. Qd5 Qb1 35. Qd4 Qc2 36. Qa1 Qxc6 37. Qxa2 Rf8 38. Qd5 Qxd5 39. Rxd5 h6
40. g3 Rf7 41. h4 Kg8 42. Kg2 Kf8 43. f3 Ke7 44. g4 Ke6 45. Ra5 Rb7 46. Kg3 Rb4
47. g5 hxg5 48. hxg5 Kf7 49. Ra6 g6 50. Ra7+ Kg8 51. Re7 Ra4 52. Re4 Ra5 53. Kg4
Kg7 54. f4 Ra6 55. Re7+ Kg8 56. Kf3 Ra4 57. Re4 Ra6 58. Rd4 Re6 59. Kg4 Ra6 60.
f5 gxf5+ 61. Kxf5 Kg7 1/2-1/2

[Event "47th Sparkassen Open"]
[Site "Dortmund GER"]
[Date "2019.07.21"]
[Round "9.1"]
[White "Hausrath, Daniel"]
[Black "Kashlinskaya, Alina"]
[Result "0-1"]
[WhiteTitle "GM"]
[BlackTitle "IM"]
[WhiteElo "2468"]
[BlackElo "2492"]
[WhiteFideId "4617495"]
[BlackFideId "4198026"]
[EventDate "2019.07.13"]

1. Nf3 d5 2. g3 Nc6 3. Bg2 e5 4. d3 Nf6 5. O-O Be7 6. c3 O-O 7. Qc2 Re8 8. e4
Bf8 9. exd5 Nxd5 10. Nbd2 Bf5 11. Ne4 Qd7 12. Re1 Rad8 13. Nh4 Bg4 14. a4 a5 15.
Qb3 b6 16. Qb5 Be7 17. Nf3 f6 18. h3 Be6 19. Bd2 Bf8 20. Rad1 Nde7 21. Bc1 Qc8
22. d4 exd4 23. Neg5 fxg5 24. Rxe6 Qxe6 25. Nxg5 Qd7 26. Re1 h6 27. Qc4+ Kh8 28.
Nf7+ Kh7 29. Re6 Nf5 30. Rxc6 Re1+ 31. Kh2 Rde8 32. cxd4 Rxc1 33. Qxc1 Qxf7 34.
Rxc7 Qf6 35. Qc4 Bd6 36. Rc6 Nxd4 37. Qd3+ Kh8 0-1

[Event "47th Sparkassen Open"]
[Site "Dortmund GER"]
[Date "2019.07.21"]
[Round "9.2"]
[White "Michalczak, Thomas"]
[Black "Chittka, Julius"]
[Result "1/2-1/2"]
[WhiteTitle "FM"]
[WhiteElo "2239"]
[BlackElo "2319"]
[WhiteFideId "4622634"]
[BlackFideId "12954772"]
[EventDate "2019.07.13"]

1. e4 c5 2. Nf3 Nc6 3. d4 cxd4 4. Nxd4 Nf6 5. Nc3 e5 6. Ndb5 d6 7. Bg5 a6 8. Na3
b5 9. Nd5 Be7 10. Bxf6 Bxf6 11. c3 Bb7 12. Nc2 Ne7 13. Nxf6+ gxf6 14. Bd3 d5 15.
Qe2 dxe4 16. Bxe4 Bxe4 17. Qxe4 Qd5 18. Qxd5 Nxd5 19. O-O-O O-O-O 20. g3 h5 21.
Rd3 Nc7 22. Rhd1 Rxd3 23. Rxd3 h4 24. Rd6 hxg3 25. hxg3 Ne8 26. Rxa6 Kb7 27. Ra5
Nd6 28. Ne3 f5 29. a4 f4 30. gxf4 exf4 31. Nd1 Kb6 32. b4 Re8 33. axb5 Nc4 34.
Ra6+ Kxb5 35. Ra7 Re2 36. Ra1 f6 37. Ra8 f5 38. Ra7 1/2-1/2

[Event "47th Sparkassen Open"]
[Site "Dortmund GER"]
[Date "2019.07.21"]
[Round "9.3"]
[White "Wagner, Alexej"]
[Black "Luft, Dennis"]
[Result "1/2-1/2"]
[WhiteElo "2277"]
[BlackElo "2294"]
[WhiteFideId "4129555"]
[BlackFideId "24623717"]
[EventDate "2019.07.13"]

1. d4 Nf6 2. c4 e6 3. Nc3 Bb4 4. Qc2 d5 5. cxd5 exd5 6. Bg5 h6 7. Bh4 c5 8. dxc5
g5 9. Bg3 Ne4 10. Bxb8 Bxc3+ 11. bxc3 Rxb8 12. Qa4+ Kf8 13. f3 Nf6 14. Qxa7 Be6
15. e3 Nd7 16. Ne2 Qc7 17. Nd4 Nxc5 18. Nb5 Qc8 19. Nd6 Qc7 20. Nb5 Qc8 21. Qb6
Qc6 22. Qa5 Kg7 23. Qb4 Ra8 24. Be2 Ra4 25. Qb2 Rha8 26. O-O Kg8 27. a3 Qb6 28.
Rfd1 R4a5 29. Rd4 Bd7 30. Rb1 Ne6 31. Rxd5 Qxe3+ 32. Kf1 Bxb5 33. Rxb5 Rxa3 34.
Qc1 Rxc3 35. Qxe3 Rxe3 36. Kf2 Rxe2+ 37. Kxe2 Nd4+ 38. Kd3 Nxb5 39. Rxb5 Ra2 40.
g4 Rxh2 41. Rxb7 Kg7 42. Ke3 Ra2 43. Rb6 Ra7 44. Rc6 Re7+ 45. Kf2 Re6 46. Rc5
Kg6 47. Rb5 Rf6 48. Kg3 h5 49. gxh5+ Kxh5 50. Ra5 Rf4 51. Ra7 Kg6 52. Ra5 Rb4
53. Ra6+ f6 54. Rc6 Ra4 1/2-1/2

[Event "47th Sparkassen Open"]
[Site "Dortmund GER"]
[Date "2019.07.21"]
[Round "9.4"]
[White "Hartikainen, Markku"]
[Black "Bagrationi, Alexander"]
[Result "0-1"]
[WhiteTitle "FM"]
[BlackTitle "GM"]
[WhiteElo "2237"]
[BlackElo "2505"]
[WhiteFideId "501417"]
[BlackFideId "14104954"]
[EventDate "2019.07.13"]

1. e4 c5 2. Nf3 d6 3. d4 cxd4 4. Nxd4 Nf6 5. Nc3 a6 6. Bg5 e6 7. f4 Be7 8. Qf3
Qc7 9. O-O-O Nbd7 10. g4 h6 11. Bxf6 Bxf6 12. h4 Qb6 13. Nb3 Be7 14. Bg2 Nc5 15.
g5 Nxb3+ 16. axb3 Bd7 17. Kb1 O-O-O 18. Rhe1 Kb8 19. Qg3 Qc5 20. e5 d5 21. f5
hxg5 22. hxg5 Qc7 23. Bxd5 Rh5 24. Qf3 Rxg5 25. fxe6 fxe6 26. Qf7 Bc8 27. Bxe6
Rxd1+ 28. Rxd1 Bxe6 29. Qxe6 Qxe5 30. Qf7 Bf6 31. Rd7 Qe1+ 32. Rd1 Qe7 33. Qg8+
Ka7 34. Qc4 Qc5 35. Qd3 Rg1 36. Rxg1 Qxg1+ 37. Ka2 Qd4 38. Qf5 g5 39. Na4 Kb8
40. c3 Qe5 41. Qf2 g4 42. Qb6 Be7 43. Qg6 Qg5 44. Qe8+ Kc7 45. c4 g3 46. Nc3 g2
47. Nd5+ Kd6 48. Qb8+ Kd7 49. Qxb7+ Ke8 50. Nc7+ Kf7 51. Qf3+ Bf6 0-1

[Event "47th Sparkassen Open"]
[Site "Dortmund GER"]
[Date "2019.07.21"]
[Round "9.5"]
[White "Heck, Norbert"]
[Black "Jugelt, Tobias"]
[Result "1/2-1/2"]
[WhiteTitle "FM"]
[BlackTitle "IM"]
[WhiteElo "2211"]
[BlackElo "2403"]
[WhiteFideId "4622928"]
[BlackFideId "4626150"]
[EventDate "2019.07.13"]

1. Nf3 f5 2. d4 Nf6 3. g3 g6 4. Bg2 Bg7 5. O-O e6 6. c4 O-O 7. Nc3 d6 8. Qc2 Na6
9. Rd1 Qe7 10. e4 e5 11. dxe5 dxe5 12. Bg5 c6 13. Qd2 Nc5 14. exf5 Bxf5 15. Nh4
Bg4 16. f3 Be6 17. b3 e4 18. Nxe4 Ncxe4 19. fxe4 Rad8 20. Qe1 Qc5+ 21. Be3 Qa3
22. Rxd8 Rxd8 23. Rd1 Rxd1 24. Qxd1 Qxa2 25. Qd8+ Kf7 26. Bc5 Qb1+ 27. Bf1 Qxe4
28. Qe7+ Kg8 29. Qd8+ Kf7 30. Qe7+ Kg8 31. Qd8+ Kf7 32. Qe7+ Kg8 1/2-1/2

[Event "47th Sparkassen Open"]
[Site "Dortmund GER"]
[Date "2019.07.21"]
[Round "9.6"]
[White "Hourigan, Gerrit"]
[Black "Schuh, Dirk"]
[Result "1-0"]
[BlackTitle "IM"]
[WhiteElo "2037"]
[BlackElo "2372"]
[WhiteFideId "16204174"]
[BlackFideId "4655311"]
[EventDate "2019.07.13"]

1. e4 c5 2. Nf3 a6 3. c3 e6 4. d4 d5 5. exd5 exd5 6. Be2 Nc6 7. Be3 cxd4 8. Nxd4
Bd6 9. Nd2 Nf6 10. O-O O-O 11. h3 Bc7 12. N2f3 Ne4 13. c4 Ne7 14. Qc2 Nf5 15.
Nxf5 Bxf5 16. Bd3 Rc8 17. Rfe1 Re8 18. Qb3 Qf6 19. cxd5 Bxh3 20. Bxe4 Rxe4 21.
Bg5 Rxe1+ 22. Rxe1 Qf5 23. gxh3 Qxh3 24. Rc1 Qg4+ 25. Kf1 h6 26. Be7 1-0

[Event "47th Sparkassen Open"]
[Site "Dortmund GER"]
[Date "2019.07.21"]
[Round "9.7"]
[White "Schleining, Zoya"]
[Black "Webb, Laurence E"]
[Result "1-0"]
[WhiteTitle "IM"]
[BlackTitle "FM"]
[WhiteElo "2339"]
[BlackElo "2327"]
[WhiteFideId "4671660"]
[BlackFideId "402389"]
[EventDate "2019.07.13"]

1. d4 Nf6 2. Nf3 c5 3. d5 g6 4. Nc3 Bg7 5. e4 d6 6. Bb5+ Bd7 7. a4 O-O 8. O-O
Bxb5 9. axb5 Nbd7 10. Ra3 a6 11. bxa6 Rxa6 12. Rxa6 bxa6 13. Qe2 Qb6 14. Nd2 Rb8
15. Nc4 Qb4 16. Nb1 Nb6 17. Nba3 Nxc4 18. Nxc4 Nd7 19. c3 Qb5 20. Re1 a5 21. Kf1
a4 22. Na3 Qb3 23. Nc4 Qb5 24. Na3 Qb3 25. Qa6 Ne5 26. f4 Ng4 27. Qe2 h5 28. h3
Nf6 29. g3 Nd7 30. Nc4 Qb5 31. e5 Nb6 32. Nxb6 Rxb6 33. Qxb5 Rxb5 34. exd6 exd6
35. Re8+ Kh7 36. Ke2 a3 37. bxa3 Bxc3 38. Rd8 Rb6 39. Kd3 Bf6 40. Rd7 Kg7 41.
Kc2 Ra6 42. Rb7 Ra4 43. Rb6 Rc4+ 44. Kb1 Rc3 45. a4 Rxg3 46. a5 Bd8 47. Bb2+ Kh7
48. Rb8 g5 49. Rxd8 gxf4 50. a6 Rf3 51. Rh8+ 1-0

[Event "47th Sparkassen Open"]
[Site "Dortmund GER"]
[Date "2019.07.21"]
[Round "9.8"]
[White "Boehm, Juergen2"]
[Black "Quast, Marcel"]
[Result "1-0"]
[WhiteElo "2175"]
[BlackElo "2248"]
[WhiteFideId "4606434"]
[BlackFideId "24663476"]
[EventDate "2019.07.13"]

1. d4 d6 2. e4 Nf6 3. Nc3 Nbd7 4. f4 c6 5. Nf3 Qc7 6. e5 Ng8 7. Be3 e6 8. Bd3 g6
9. O-O d5 10. g4 c5 11. f5 cxd4 12. Nb5 Qb8 13. Bxd4 gxf5 14. gxf5 Nh6 15. fxe6
Rg8+ 16. Kh1 fxe6 17. Qd2 Nf7 18. Rae1 Rg7 19. c4 a6 20. cxd5 Nc5 21. Bxc5 Bxc5
22. Qc3 Bb6 23. Nd6+ Ke7 24. Nxf7 Kxf7 25. Qb4 Kg8 26. Qxb6 1-0

[Event "47th Sparkassen Open"]
[Site "Dortmund GER"]
[Date "2019.07.21"]
[Round "9.9"]
[White "Wichtrup, Jan-Louis"]
[Black "Dorst, Johannes"]
[Result "1-0"]
[BlackTitle "FM"]
[WhiteElo "2125"]
[BlackElo "2234"]
[WhiteFideId "16229355"]
[BlackFideId "4650433"]
[EventDate "2019.07.13"]

1. d4 Nf6 2. c4 g6 3. Nc3 Bg7 4. e4 d6 5. Nf3 O-O 6. Be2 e5 7. dxe5 dxe5 8. Qxd8
Rxd8 9. Bg5 c6 10. Nxe5 Re8 11. O-O-O Na6 12. Rd6 Be6 13. f4 Nc5 14. Bf3 Nh5 15.
Bxh5 gxh5 16. Nd3 Nxd3+ 17. Rxd3 Bxc4 18. Rg3 Kf8 19. e5 Re6 20. b3 h6 21. Bh4
Ba6 22. Ne4 Be2 23. h3 c5 24. Re1 Bb5 25. Bf6 Bxf6 26. Nxf6 Rd8 27. f5 Ra6 28.
a4 Ke7 29. Ng8+ Kf8 30. Nf6 Ke7 31. Ng8+ Kf8 32. e6 fxe6 33. fxe6 Ke8 34. Rg7
Rd4 35. Nf6+ Kd8 36. e7+ Kc8 37. Re5 Rxf6 38. Rxc5+ Kd7 39. Rxb5 Rc6+ 40. Kb2
Rd2+ 41. Ka3 Re2 42. Rd5+ 1-0

[Event "47th Sparkassen Open"]
[Site "Dortmund GER"]
[Date "2019.07.21"]
[Round "9.10"]
[White "Humburg, Philipp"]
[Black "Andersen, Gunnar"]
[Result "1-0"]
[WhiteElo "2244"]
[BlackElo "2166"]
[WhiteFideId "24656151"]
[BlackFideId "30920795"]
[EventDate "2019.07.13"]

1. e4 c5 2. Nf3 g6 3. d4 cxd4 4. Nxd4 Nc6 5. c4 Nf6 6. Nc3 d6 7. Nc2 Bg7 8. Be2
O-O 9. O-O Nd7 10. Bd2 a5 11. Rb1 Nc5 12. Bf3 Ne5 13. Ne3 Ne6 14. Bg4 Nd4 15.
Bxc8 Rxc8 16. b3 f5 17. exf5 gxf5 18. f4 Nd3 19. Ne2 Nc5 20. Kh1 Nxe2 21. Qxe2
e6 22. Nd1 d5 23. cxd5 exd5 24. Rc1 b6 25. Qb5 Qd6 26. Ne3 Rcd8 27. Bxa5 Nxb3
28. Bb4 Nc5 29. Bxc5 bxc5 30. Rxc5 Qe6 31. Qd3 Qe4 32. Qb3 Kh8 33. Rxd5 Rxd5 34.
Nxd5 Rd8 35. Rd1 Bd4 36. Nc7 Rg8 37. Qd5 Bb6 38. Qxe4 fxe4 39. Nd5 Rd8 40. g3
Bc5 41. Kg2 Ra8 42. Rd2 Rd8 43. Kf1 Rb8 44. Ke2 Bg1 45. h3 Kg7 46. g4 Ra8 47.
Nc3 Ra3 48. Nxe4 Re3+ 49. Kf1 Rxe4 50. Kxg1 Rxf4 51. Rd7+ Kg6 52. Ra7 Rb4 53.
Kg2 Rb2+ 54. Kg3 Rb1 55. Ra6+ Kg7 56. g5 Rg1+ 57. Kh4 Rg2 58. Kh5 Rg3 59. h4 Rh3
60. Ra7+ Kg8 61. a4 Rh2 62. a5 Rh1 63. a6 Rh2 64. Rb7 1-0

[Event "47th Sparkassen Open"]
[Site "Dortmund GER"]
[Date "2019.07.21"]
[Round "9.11"]
[White "Arold, Gerhard"]
[Black "Baerwolf, Steven"]
[Result "0-1"]
[WhiteElo "2045"]
[BlackElo "2176"]
[WhiteFideId "24664120"]
[BlackFideId "24658634"]
[EventDate "2019.07.13"]

1. d4 d5 2. Bf4 Nf6 3. e3 c5 4. Nc3 e6 5. Nb5 Na6 6. c3 Be7 7. h3 O-O 8. Nf3 Qb6
9. a4 Bd7 10. Ne5 Bxb5 11. a5 Ba4 12. axb6 Bxd1 13. Rxd1 axb6 14. f3 Nb8 15. Kd2
c4 16. Be2 Nc6 17. Bg5 Na5 18. Kc2 Nb3 19. e4 b5 20. exd5 Nxd5 21. Bxe7 Ne3+ 0-1

[Event "47th Sparkassen Open"]
[Site "Dortmund GER"]
[Date "2019.07.21"]
[Round "9.12"]
[White "Gallasch, Jonas"]
[Black "Mueller, Frank3"]
[Result "1/2-1/2"]
[WhiteElo "1996"]
[BlackElo "2092"]
[WhiteFideId "16222474"]
[BlackFideId "24681318"]
[EventDate "2019.07.13"]

1. Nf3 Nf6 2. c4 g6 3. Nc3 d5 4. d4 Bg7 5. cxd5 Nxd5 6. Na4 O-O 7. e4 Nb6 8. Be3
Nxa4 9. Qxa4 c5 10. Rd1 Bg4 11. dxc5 Qc7 12. Qa3 Bxf3 13. gxf3 Nc6 14. Be2 Rfd8
15. Rxd8+ Rxd8 16. O-O Nd4 17. Bd1 a6 18. Kg2 f5 19. Bb3+ Kh8 20. Rd1 f4 21.
Bxd4 Bxd4 22. Qb4 e5 23. Bd5 Bxc5 24. Rc1 b6 25. Qc3 a5 26. Rh1 Rc8 27. Rc1 1/2-1/2

[Event "47th Sparkassen Open"]
[Site "Dortmund GER"]
[Date "2019.07.21"]
[Round "9.13"]
[White "Bock, Juergen"]
[Black "Guenther, Patrick"]
[Result "1/2-1/2"]
[WhiteElo "2268"]
[BlackElo "2055"]
[WhiteFideId "4619129"]
[BlackFideId "24618357"]
[EventDate "2019.07.13"]

1. c4 Nf6 2. g3 c6 3. Bg2 d5 4. Nf3 g6 5. b3 Bg7 6. Bb2 O-O 7. O-O a5 8. Na3 Na6
9. d3 Nb4 10. Nc2 Nxc2 11. Qxc2 Bg4 12. Rfe1 Bxf3 13. Bxf3 d4 14. e3 e5 15. exd4
exd4 16. Qd2 Qd6 17. a3 Nd7 18. b4 axb4 19. axb4 h5 20. Rxa8 Rxa8 21. Ra1 Rxa1+
22. Bxa1 b6 1/2-1/2

[Event "47th Sparkassen Open"]
[Site "Dortmund GER"]
[Date "2019.07.21"]
[Round "9.14"]
[White "Stillger, Bernhard"]
[Black "Oltmanns, Jan"]
[Result "1/2-1/2"]
[WhiteTitle "FM"]
[WhiteElo "2199"]
[BlackElo "1970"]
[WhiteFideId "4610768"]
[BlackFideId "16251318"]
[EventDate "2019.07.13"]

1. d4 Nf6 2. c4 Nc6 3. Nf3 e6 4. g3 d5 5. Bg2 dxc4 6. Qa4 Bd7 7. Qxc4 b5 8. Qd3
Nb4 9. Qd1 Bc6 10. O-O Be7 11. Bg5 O-O 12. Nbd2 h6 13. Bxf6 Bxf6 14. Nb3 Rb8 15.
a3 Na6 16. e3 Ba8 17. Qc2 Qe7 18. Rac1 Rfc8 19. Nc5 Nxc5 20. Qxc5 Qxc5 21. Rxc5
Be7 22. Rc2 Be4 23. Rcc1 Bxf3 24. Bxf3 c5 25. dxc5 Rxc5 26. Rxc5 Bxc5 27. Rc1
Bb6 28. Kf1 Kf8 29. Ke2 1/2-1/2

[Event "47th Sparkassen Open"]
[Site "Dortmund GER"]
[Date "2019.07.21"]
[Round "9.15"]
[White "Maes, Wim"]
[Black "Eckert, Marius"]
[Result "1/2-1/2"]
[WhiteTitle "FM"]
[WhiteElo "2185"]
[BlackElo "2090"]
[WhiteFideId "201073"]
[BlackFideId "12922234"]
[EventDate "2019.07.13"]

1. Nf3 d5 2. g3 Nf6 3. Bg2 e6 4. O-O Be7 5. d3 O-O 6. Nbd2 c5 7. e4 Nc6 8. Re1
b5 9. e5 Nd7 10. Nf1 Bb7 11. h4 Qc7 12. Bf4 Rfc8 13. N1h2 Bf8 14. c3 a5 15. Rc1
Nb6 16. Qe2 b4 17. c4 dxc4 18. dxc4 Rd8 19. Red1 Rxd1+ 20. Rxd1 Rd8 21. b3 a4
22. Nf1 Na5 23. Rd3 Rxd3 24. Qxd3 Qd7 25. Qc2 h6 26. N1d2 a3 27. Bf1 Nc6 28. Qd3
Nd4 29. Nxd4 Qxd4 30. Qxd4 cxd4 31. Bg2 Bxg2 32. Kxg2 f6 33. exf6 gxf6 34. Bc7
Nd7 35. Kf3 Nc5 36. Ke2 e5 37. f3 Kf7 38. Bb6 Nd7 39. Ba5 f5 40. g4 Ke6 41. Bd8
Bc5 42. gxf5+ Kxf5 43. Ne4 Bf8 44. Ng3+ Ke6 45. Ne4 Kf5 46. Ng3+ Ke6 1/2-1/2

[Event "47th Sparkassen Open"]
[Site "Dortmund GER"]
[Date "2019.07.21"]
[Round "9.16"]
[White "Steinle, Carsten"]
[Black "Beckmann, David"]
[Result "1-0"]
[WhiteElo "2147"]
[BlackElo "2016"]
[WhiteFideId "24676462"]
[BlackFideId "24664707"]
[EventDate "2019.07.13"]

1. Nf3 d5 2. g3 Nf6 3. Bg2 c6 4. d3 Bg4 5. c3 Nbd7 6. Nbd2 e6 7. O-O Bc5 8. Qc2
O-O 9. e4 dxe4 10. dxe4 e5 11. h3 Bh5 12. b4 Be7 13. Nc4 Qc7 14. Nh4 b5 15. Nf5
Rfe8 16. Nxe7+ Rxe7 17. Ne3 Nb6 18. Nf5 Rd7 19. Bg5 Ne8 20. Be3 Nc4 21. a4 f6
22. axb5 cxb5 23. Ra6 Nxe3 24. Nxe3 Bf7 25. Rfa1 Nd6 26. h4 Nc4 27. Nd5 Bxd5 28.
exd5 Rd6 29. Rc6 Qd7 30. Qe2 Rd8 31. Kh2 Qe7 32. Rxc4 bxc4 33. Qxc4 f5 34. Qa2
e4 35. c4 a6 36. Bf1 Kh8 37. Rd1 f4 38. Qe2 Rf6 39. Re1 Re8 40. c5 fxg3+ 41.
fxg3 e3 42. Bg2 Rf2 43. Qxf2 exf2 44. Rxe7 Rxe7 45. d6 Re2 46. Bf1 Rd2 47. Kg2
Kg8 48. Bxa6 Kf8 49. Kf1 Ke8 50. Bb5+ Kd8 51. Bc6 Rd4 52. b5 Rc4 53. b6 Rxc5 54.
b7 Rc1+ 55. Kxf2 Rb1 56. Ke3 g6 57. Kd4 h6 58. Kc5 g5 59. Bb5 1-0

[Event "47th Sparkassen Open"]
[Site "Dortmund GER"]
[Date "2019.07.21"]
[Round "9.17"]
[White "Hammerich, Simon"]
[Black "Burchert, Wolfgang"]
[Result "1/2-1/2"]
[WhiteElo "1954"]
[BlackElo "2075"]
[WhiteFideId "12955868"]
[BlackFideId "4654412"]
[EventDate "2019.07.13"]

1. e4 d6 2. d4 Nf6 3. Nc3 e5 4. Nge2 Nbd7 5. h3 Be7 6. g4 O-O 7. Bg2 c6 8. a4 a5
9. O-O b6 10. Ng3 exd4 11. Qxd4 Nc5 12. f4 d5 13. Be3 dxe4 14. Qxd8 Rxd8 15.
Ncxe4 Ncxe4 16. Nxe4 Nd5 17. Bd4 c5 18. Nc3 Nxc3 19. Bxc3 Ra7 20. Rad1 Rad7 1/2-1/2

[Event "47th Sparkassen Open"]
[Site "Dortmund GER"]
[Date "2019.07.21"]
[Round "9.18"]
[White "Kracht, Raphael"]
[Black "Conrad, Joachim"]
[Result "1-0"]
[WhiteElo "2000"]
[BlackElo "2068"]
[WhiteFideId "16214382"]
[BlackFideId "24623083"]
[EventDate "2019.07.13"]

1. e4 g6 2. d4 Bg7 3. Nc3 a6 4. f4 d6 5. Nf3 b5 6. Bd3 Nd7 7. e5 e6 8. O-O Ne7
9. Ne4 d5 10. Neg5 h6 11. Nh3 c5 12. c3 Qb6 13. Be3 Qc7 14. Qe2 Bb7 15. Nf2 c4
16. Bc2 a5 17. g4 Ra6 18. f5 gxf5 19. gxf5 Rg8 20. Kh1 exf5 21. Bf4 Qc6 22. h4
Nf8 23. h5 Ne6 24. Nh3 Kd7 25. Nh4 Nxf4 26. Nxf4 Re8 27. Rg1 Bh8 28. Bxf5+ Nxf5
29. Nxf5 Kc7 30. Qf3 Qd7 31. Nd6 Rd8 32. Rg3 Ba8 33. Kh2 Qe7 34. Nxd5+ Bxd5 35.
Qxd5 Qh4+ 36. Kg2 Rb6 37. Qc5+ 1-0

[Event "47th Sparkassen Open"]
[Site "Dortmund GER"]
[Date "2019.07.21"]
[Round "9.19"]
[White "Biermann, Lenhard"]
[Black "Fistoul, Boris"]
[Result "1/2-1/2"]
[WhiteElo "2056"]
[BlackElo "1938"]
[WhiteFideId "12970077"]
[BlackFideId "12953962"]
[EventDate "2019.07.13"]

1. d4 f5 2. Bg5 c6 3. Nf3 Nf6 4. Bxf6 exf6 5. c4 Bb4+ 6. Nc3 O-O 7. g3 Bxc3+ 8.
bxc3 d6 9. Qb3 c5 10. Rd1 Qc7 11. e3 Nc6 12. Bd3 g6 13. O-O Na5 14. Qc2 Be6 15.
d5 Bd7 16. Rb1 Rab8 17. Qe2 Rfe8 18. Nd2 Kg7 19. Kg2 b6 20. Nb3 Nb7 21. Nd2 Na5 1/2-1/2

[Event "47th Sparkassen Open"]
[Site "Dortmund GER"]
[Date "2019.07.21"]
[Round "9.20"]
[White "Henrotte, Nils"]
[Black "Savchenko, Daniel"]
[Result "1/2-1/2"]
[WhiteElo "1969"]
[BlackElo "2168"]
[WhiteFideId "12923311"]
[BlackFideId "12919195"]
[EventDate "2019.07.13"]

1. e4 c5 2. Nf3 e6 3. d4 cxd4 4. Bg5 Qa5+ 5. c3 dxc3 6. Nxc3 Nc6 7. Be2 Nf6 8.
O-O Be7 9. Bd2 Qc7 10. Nb5 Qb8 11. e5 Nxe5 12. Nxe5 Qxe5 13. Bc3 Qb8 14. f4 d6
15. Bxf6 Bxf6 16. Nxd6+ Ke7 17. Nxc8+ Rxc8 18. Qb3 Qc7 19. Kh1 Kf8 20. Bf3 Rab8
21. Be4 Kg8 22. Rad1 b6 23. Qh3 g6 24. f5 exf5 25. Bxf5 Rd8 26. Rc1 Qe5 27. Bc2
Rbc8 28. Bxg6 Rc7 29. Rxc7 Qxc7 30. Bxh7+ Kg7 31. Bb1 Rh8 32. Qg4+ Kf8 33. h3
Rg8 34. Qb4+ Be7 35. Qf4 Qxf4 36. Rxf4 Bd6 37. Rf3 Rg3 38. Rxg3 Bxg3 39. Kg1 a5
40. b3 f6 41. Kf1 Kg7 42. Ke2 Kh6 1/2-1/2